La malquerida y la noche del sábado

Salvato in:
Dettagli Bibliografici
Autore principale: Benavente, Jacinto (Autore)
Natura: Libro
Lingua:spagnolo
Pubblicazione: Buenos Aires Espasa-Calpe 1939
Serie:Colección Austral, 84
Soggetti:
Tags: Aggiungi Tag
Nessun Tag, puoi essere il primo ad aggiungerne!!

MARC

LEADER 00000nam a2200000 a 4500
001 UCZ7839
003 CL-VaPUC
008 960112e19390000AG |||||||||||||||||spa|d
082 0 4 |a 862  |b BEN  |2 21 
100 0 |a Benavente, Jacinto  |e author  |9 313719 
245 1 3 |a La malquerida y la noche del sábado 
300 |a 171 p 
942 |c BK 
945 |d 19960112 00:00:00  |a rleighto 
260 |a Buenos Aires  |b Espasa-Calpe  |c 1939 
650 0 |a Dramas españoles  |9 267081 
583 |a last modification  |c 19960112 00:00:00  |k Rodrigo Vera 
490 0 |a Colección Austral, 84 
999 |c 243836  |d 243834